Slovensko nemá koncepciu informatizácie

Bibliographic Details
Main Authors: Dubčák, Anton (Author), Husár, Pavol (Author)
Other Authors: Dermek, Jozef 1971- (Interviewer)
Format: Article
Language:Slovak
ISSN:1335-0307
Subjects:

MARC

LEADER 00000nab a2200000 a 4500
001 vtls000724582
003 SK-MaSNL
005 20260303212741.0
008 140429c2000 xo 0 slo
015 |a SNBRB2000/06-16797 
035 |a CLN000076746 
040 |a SNKBUCL  |b slo  |c SNKBUCL  |e AACR2 
041 0 |a slo 
044 |a xo  |c SK 
080 |a 330.342.24(437.6):654:681.3  |2 1997 
080 |a 654  |2 1997 
080 |a 681.3  |2 1997 
080 |a 002.6  |2 1997 
080 |a 007.5  |2 1997 
080 |a 301.15/.18(437.6)  |2 1997 
100 1 |a Dermek, Jozef  |d 1971-  |4 ivr  |9 843002 
245 1 0 |a Slovensko nemá koncepciu informatizácie  |c Jozef Dermek, Anton Dubčák, Pavol Husár 
650 0 7 |a spoločnosť informačná  |z Slovensko  |x budovanie  |2 snkbucl  |9 843009 
650 0 7 |a informatizácia  |2 snkbucl  |9 18583 
655 7 |a články z novín a časopisov  |2 snkbucl  |9 267496 
700 1 |a Dubčák, Anton  |4 aut  |9 807039 
700 1 |a Husár, Pavol  |4 aut  |9 450477 
773 0 |t Parlamentný kuriér  |g Roč. 8, č. 72 (2000), s. 26-28  |x 1335-0307 
850 |a Slovenská národná knižnica v Martine 
852 |a SNK  |b KIS3GCP 
958 |a SK 
992 |a RBX 
999 |c 2208913  |d 2210843